Derecho de áridos
Αποθηκεύτηκε σε:
| Κύριος συγγραφέας: | |
|---|---|
| Μορφή: | Βιβλίο |
| Γλώσσα: | Ισπανικά |
| Έκδοση: |
Santiago
LexisNexis
2005
|
| Έκδοση: | 1a. ed |
| Θέματα: | |
| Ετικέτες: |
Προσθήκη ετικέτας
Δεν υπάρχουν, Καταχωρήστε ετικέτα πρώτοι!
|
MARC
| LEADER | 00000nam a2200000 a 4500 | ||
|---|---|---|---|
| 001 | UCK8084 | ||
| 003 | CL-VaPUC | ||
| 008 | 060113e20050000CL |||||||||||||||||spa|d | ||
| 020 | |a 9562385892 | ||
| 082 | 0 | 4 | |a 343.077 |b ENO |2 21 |
| 100 | 0 | |a Enos Aguirre, Rafael |e author |9 497885 | |
| 245 | 1 | 0 | |a Derecho de áridos |
| 250 | |a 1a. ed | ||
| 300 | |a 393 p | ||
| 942 | |c BK | ||
| 945 | |d 20060113 00:00:00 |a jtorresc | ||
| 260 | |a Santiago |b LexisNexis |c 2005 | ||
| 650 | 0 | |a Derecho minero |9 257109 | |
| 650 | 0 | |a Código de minería |9 256729 | |
| 650 | 0 | |a Código civil |9 256135 | |
| 650 | 0 | |a Áridos |9 494753 | |
| 650 | 0 | |a Suelos |9 260322 | |
| 650 | 0 | |a Rocas |9 266105 | |
| 650 | 7 | |a TIERRAS ARIDAS |2 CL-VaPUC |9 361526 | |
| 651 | 7 | |a CHILE |2 CL-VaPUC |9 497886 | |
| 583 | |a last modification |c 20060113 00:00:00 |k Rodrigo Vera | ||
| 999 | |c 315908 |d 315906 | ||
| 952 | |0 0 |1 0 |4 0 |6 343_077000000000000_ENO_2005 |7 0 |8 A |9 389769 |a BIBDER |b BIBDER |d 2019-11-22 |i 4200942 |o 343.077 ENO 2005 |p 4200942 |r 2023-01-25 |w 2019-11-22 |y BK |k DER | ||